| 000 | 02094nam0a2200433 4500 | ||
|---|---|---|---|
| 001 | RU\NLR\bibl\137218 | ||
| 005 | 20260406111631.0 | ||
| 010 |
_a5-88717-129-4 _bВ пер. _920000 |
||
| 021 |
_aRU _b2000-35249 _91634 |
||
| 021 |
_aRU _b2001-22242 _91058 |
||
| 035 | _a(NLR Aleph) 000134413 | ||
| 090 |
_a768240 _c768240 |
||
| 100 | _a20010205d2000 |||y0rusy50 ca | ||
| 101 | 0 | _arus | |
| 102 | _aRU | ||
| 105 | _aa ||||||||| | ||
| 200 | 1 |
_aТехнология _eУчеб. для учащихся 8-го кл. общеобразоват. учреждений _fВ. Д. Симоненко, Н. Л. Бронников, П. С. Самородский, Н. В. Синица _gПод ред. В. Д. Симоненко |
|
| 210 |
_aМ. _cВентана-граф _d2000 |
||
| 215 |
_a235,[1] с. _cил. _d21 |
||
| 320 | _aБиблиогр.: с. 235-236 | ||
| 606 | 0 |
_aТрудовое обучение _jРуководства, пособия и т.п. для средней школы _91841169 _3RU\NLR\auth\661125123 |
|
| 606 | 0 |
_aТрудовое обучение _jУчебные издания для средней школы _91841169 _3RU\NLR\auth\661125123 |
|
| 610 | 0 | _aТехнология | |
| 610 | 0 | _aТрудовое обучение в школе | |
| 675 |
_a373.167.1:62.002+62.002(075.3) _v3 _zrus |
||
| 686 |
_a14.25 _2rugasnti |
||
| 686 |
_a30.6я721 _2rubbk |
||
| 686 | _aМ78я721-1 | ||
| 701 | 1 |
_4070 _7ca _8rus _aСимоненко _bВ. Д. _f1937-2006 _gВиктор Дмитриевич _9105556 _3RU\NLR\auth\77122631 |
|
| 701 | 1 |
_aБронников _bН. Л. _4070 |
|
| 701 | 1 |
_4070 _7ca _8rus _aСамородский _bП. С. _cд-р техн. наук _f1947- _gПетр Степанович _97127 _3RU\NLR\AUTH\7724075 |
|
| 701 | 1 |
_4070 _7ca _8rus _aСиница _bН. В. _cканд. пед. наук, методист _gНаталья Владимировна _965791 _3RU\NLR\AUTH\7782863 |
|
| 801 | 0 |
_aRU _bRKP _c20010205 _gPSBO |
|
| 801 | 1 |
_aRU _bRKP _c20010205 |
|
| 801 | 2 |
_aRU _bNLR _c20130517 _grcr |
|
| 942 | _cBOOK | ||
| 980 | _aNB | ||